<?xml version="1.0" encoding="UTF-8"?>
<collection xmlns="http://www.loc.gov/MARC21/slim">
<record>
  <controlfield tag="001">163341</controlfield>
  <controlfield tag="005">20251028143403.0</controlfield>
  <datafield tag="024" ind1="8" ind2=" ">
    <subfield code="2">innovaciondocente</subfield>
    <subfield code="a">5372</subfield>
  </datafield>
  <datafield tag="037" ind1=" " ind2=" ">
    <subfield code="a">INNODOC-2024-5372</subfield>
  </datafield>
  <datafield tag="041" ind1=" " ind2=" ">
    <subfield code="a">spa</subfield>
  </datafield>
  <datafield tag="100" ind1=" " ind2=" ">
    <subfield code="0">(orcid)0000-0003-4629-6743</subfield>
    <subfield code="a">Vicente Romero, Jorge</subfield>
    <subfield code="e">coord.</subfield>
  </datafield>
  <datafield tag="245" ind1=" " ind2=" ">
    <subfield code="a">Evaluación de las competencias transversales 1+5 UNIZAR en asignaturas multidisciplinares y actividades de metodologías activas</subfield>
  </datafield>
  <datafield tag="260" ind1=" " ind2=" ">
    <subfield code="a">Zaragoza</subfield>
    <subfield code="b">Universidad de Zaragoza</subfield>
    <subfield code="c">2024</subfield>
  </datafield>
  <datafield tag="520" ind1="3" ind2=" ">
    <subfield code="a">El Real Decreto 822/2021, de 28 de septiembre, establece la organización de las enseñanzas universitarias y el procedimiento de aseguramiento de su calidad. Además, introduce el concepto de Resultado de Aprendizaje (RA) en el diseño de las titulaciones oficiales que componen el Sistema Universitario Español (SUE). Estos resultados de aprendizaje pueden ser específicos del ámbito de conocimiento o tener un carácter más transversal. Tanto la Conferencia de Rectores de las Universidades Españolas (CRUE) como el propio RD 822/2021, reconocen la necesidad de incorporar los principios y valores democráticos y los Objetivos de Desarrollo Sostenible como competencias de carácter transversal en las enseñanzas oficiales. En este contexto, la Universidad de Zaragoza ha planteado el proyecto Sello 1+5 UNIZAR en el que se definen las competencias transversales que identifican el perfil de egreso propio de nuestra universidad. La publicación del acuerdo de 14 de diciembre de 2022, del Consejo de Gobierno de la Universidad de Zaragoza por el que se aprueban las Directrices generales para la elaboración de los planes de estudio de las enseñanzas universitarias oficiales de Grado adaptados al Real Decreto 822/2021 ha dado inicio al proceso de adaptación de todas las titulaciones de Grado y Máster Universitario impartidas en la Universidad de Zaragoza, así como las competencias transversales para las titulaciones de Grado de nuestra Universidad. Las competencias transversales (CT) y los Objetivos de Desarrollo Sostenible (ODS), deben desarrollarse y aplicarse en la enseñanza superior de manera inmediata. La educación es un catalizador que debe revertir en el bienestar de las personas y por supuesto en nuestro planeta, dando lugar a una nueva visión de desarrollo en el mundo. La Universidad debe plantearse otros modelos pedagógicos y adoptar cambios que pueden ser trasladables a las titulaciones. Además, es posible que los actuales métodos de evaluación haya que renovarlos de tal forma que sean más apropiados para acreditar competencias transversales en el estudiantado.</subfield>
  </datafield>
  <datafield tag="700" ind1=" " ind2=" ">
    <subfield code="0">(orcid)0000-0002-0111-4697</subfield>
    <subfield code="a">Lucía Quintana, Ainhoa</subfield>
  </datafield>
  <datafield tag="700" ind1=" " ind2=" ">
    <subfield code="0">(orcid)0000-0002-2923-9424</subfield>
    <subfield code="a">Silvestre Miralles, Alicia</subfield>
  </datafield>
  <datafield tag="700" ind1=" " ind2=" ">
    <subfield code="0">(orcid)0000-0003-2153-0417</subfield>
    <subfield code="a">Avedillo Salas, Ana</subfield>
  </datafield>
  <datafield tag="700" ind1=" " ind2=" ">
    <subfield code="0">(orcid)0000-0002-5628-516X</subfield>
    <subfield code="a">Mayo Calderón, Ana Belén</subfield>
  </datafield>
  <datafield tag="700" ind1=" " ind2=" ">
    <subfield code="0">(orcid)0000-0001-8064-8138</subfield>
    <subfield code="a">Fanlo Villacampa, Ana Julia</subfield>
  </datafield>
  <datafield tag="700" ind1=" " ind2=" ">
    <subfield code="0">(orcid)0000-0002-1934-5397</subfield>
    <subfield code="a">Loste Montoya, Araceli</subfield>
  </datafield>
  <datafield tag="700" ind1=" " ind2=" ">
    <subfield code="0">(orcid)0000-0002-7876-4735</subfield>
    <subfield code="a">Gómez Trullén, Eva María Pilar</subfield>
  </datafield>
  <datafield tag="700" ind1=" " ind2=" ">
    <subfield code="0">(orcid)0000-0002-6485-1926</subfield>
    <subfield code="a">Lanuza Giménez, Francisco Javier</subfield>
  </datafield>
  <datafield tag="700" ind1=" " ind2=" ">
    <subfield code="0">(orcid)0000-0002-2887-2105</subfield>
    <subfield code="a">Martínez Ruiz, Ignacio</subfield>
  </datafield>
  <datafield tag="700" ind1=" " ind2=" ">
    <subfield code="a">Pueyo Val, Javier</subfield>
  </datafield>
  <datafield tag="700" ind1=" " ind2=" ">
    <subfield code="0">(orcid)0000-0003-1878-9671</subfield>
    <subfield code="a">Prieto Martín, José</subfield>
  </datafield>
  <datafield tag="700" ind1=" " ind2=" ">
    <subfield code="0">(orcid)0000-0003-2076-844X</subfield>
    <subfield code="a">Aínsa Claver, José Antonio</subfield>
  </datafield>
  <datafield tag="700" ind1=" " ind2=" ">
    <subfield code="0">(orcid)0000-0002-0385-2263</subfield>
    <subfield code="a">Acerete Gil, José Basilio</subfield>
  </datafield>
  <datafield tag="700" ind1=" " ind2=" ">
    <subfield code="0">(orcid)0000-0003-1479-7076</subfield>
    <subfield code="a">Martí Jiménez, José Ignacio</subfield>
  </datafield>
  <datafield tag="700" ind1=" " ind2=" ">
    <subfield code="0">(orcid)0000-0001-7322-9330</subfield>
    <subfield code="a">Artacho Terrer, Juan Manuel</subfield>
  </datafield>
  <datafield tag="700" ind1=" " ind2=" ">
    <subfield code="0">(orcid)0000-0003-4455-4745</subfield>
    <subfield code="a">Jreis Navarro, Laila Miriam</subfield>
  </datafield>
  <datafield tag="700" ind1=" " ind2=" ">
    <subfield code="0">(orcid)0000-0003-1752-4479</subfield>
    <subfield code="a">Ballarín Rosell, María</subfield>
  </datafield>
  <datafield tag="700" ind1=" " ind2=" ">
    <subfield code="0">(orcid)0000-0002-9541-5609</subfield>
    <subfield code="a">Zúñiga Antón, María</subfield>
  </datafield>
  <datafield tag="700" ind1=" " ind2=" ">
    <subfield code="0">(orcid)0000-0001-5724-3853</subfield>
    <subfield code="a">Sáenz Galilea, María Ángeles</subfield>
  </datafield>
  <datafield tag="700" ind1=" " ind2=" ">
    <subfield code="0">(orcid)0000-0003-3089-1361</subfield>
    <subfield code="a">Alastuey Dobón, María Carmen</subfield>
  </datafield>
  <datafield tag="700" ind1=" " ind2=" ">
    <subfield code="0">(orcid)0000-0002-1615-9505</subfield>
    <subfield code="a">Gasca Galán, María del Mar</subfield>
  </datafield>
  <datafield tag="700" ind1=" " ind2=" ">
    <subfield code="0">(orcid)0000-0003-3388-2700</subfield>
    <subfield code="a">Escuchuri Aísa, María Estrella</subfield>
  </datafield>
  <datafield tag="700" ind1=" " ind2=" ">
    <subfield code="0">(orcid)0000-0003-1385-6177</subfield>
    <subfield code="a">Martínez Pestaña, María Jesús</subfield>
  </datafield>
  <datafield tag="700" ind1=" " ind2=" ">
    <subfield code="0">(orcid)0000-0003-4071-1467</subfield>
    <subfield code="a">Luesma Bartolome, María José</subfield>
  </datafield>
  <datafield tag="700" ind1=" " ind2=" ">
    <subfield code="0">(orcid)0000-0002-2839-7041</subfield>
    <subfield code="a">Cortés Pascual, María Pilar Alejandra</subfield>
  </datafield>
  <datafield tag="700" ind1=" " ind2=" ">
    <subfield code="0">(orcid)0000-0002-1045-6242</subfield>
    <subfield code="a">Bordonaba Juste, María Victoria</subfield>
  </datafield>
  <datafield tag="700" ind1=" " ind2=" ">
    <subfield code="0">(orcid)0000-0003-1824-3732</subfield>
    <subfield code="a">Pérez Monge, Marina</subfield>
  </datafield>
  <datafield tag="700" ind1=" " ind2=" ">
    <subfield code="0">(orcid)0000-0001-5545-7006</subfield>
    <subfield code="a">Ortega Lapiedra, Raquel</subfield>
  </datafield>
  <datafield tag="700" ind1=" " ind2=" ">
    <subfield code="0">(orcid)0000-0001-9912-0739</subfield>
    <subfield code="a">Lardiés Bosque, Raúl Carlos</subfield>
  </datafield>
  <datafield tag="856" ind1="4" ind2=" ">
    <subfield code="s">2231969</subfield>
    <subfield code="u">http://zaguan.unizar.es/record/163341/files/memoria_PICT_2024_5372.pdf</subfield>
    <subfield code="y">Memoria del proyecto</subfield>
  </datafield>
  <datafield tag="970" ind1=" " ind2=" ">
    <subfield code="a">INNODOC-2024-5372</subfield>
  </datafield>
  <datafield tag="980" ind1=" " ind2=" ">
    <subfield code="a">INNODOC</subfield>
    <subfield code="b">PICT</subfield>
  </datafield>
</record>
</collection>